Les mots de la langue française terminés par "ente" - Statistiques

Statistiques générales
  • Ce quiz a été pris 110 fois
  • Le résultat moyen est 16 sur 46
Statistiques - réponses
Indice Mot % Correct
pou lente
80%
non coupable innocente
79%
inclinaison pente
77%
abri tente
73%
accord entente
72%
excrément fiente
65%
petit chemin sente
63%
ravie contente
60%
translucide transparente
60%
pressante urgente
59%
interstice fente
57%
pension rente
57%
relâchement détente
55%
brûlante ardente
52%
jeune fille adolescente
47%
brutale violente
45%
espoir attente
43%
ville italienne de concile Trente
42%
chute descente
40%
rivale concurrente
38%
adjudication vente
38%
très riche opulente
36%
malade patiente
33%
qualifiée compétente
30%
autre différente
29%
grenier soupente
28%
manifeste évidente
27%
admiratrice fervente
27%
contrariée mécontente
24%
participante adhérente
20%
tempête tourmente
20%
utilisatrice cliente
17%
cachée latente
16%
merveilleuse excellente
15%
habituelle fréquente
15%
aigue stridente
14%
ancien impôt patente
13%
fraîche récente
12%
prévoyante prudente
10%
logique cohérente
9%
forte corpulente
9%
patronne présidente
7%
téméraire imprudente
5%
bienveillante indulgente
5%
inattentive négligente
3%
pompeuse grandiloquente
1%
Aucun quiz correspondant
Distribution des résultats
% des personnes avec chaque résultat
Percentile par nombre de réponses
Votre historique - résultats
Vous n’avez pas pris ce quiz